000 01028nam a2200229 i 4500
001 164412
003 ES-MaACL
005 20230906212930.0
008 990315s1896 cl d |||| | spa d
040 _aCCPB | B
_bspa
_cCCPB | B
100 1 _aSalazar, A. E.
_9101796
245 1 0 _aKosto Komparatibo en Chile del gas i de la elektrizidad komo sistemas de distribuzion de enerjía /
_cA. E. Salazar i K. Newman.
260 _aSantiago de Chile :
_b[s.n.],
_c1896 (
_fImp. Moderna)
300 _a72 p. :
_bgráf. ;
_c23 cm.
530 _aDisponible en formato digital.
594 _aSe ha respetado la ortografía original.
650 4 _aIndustria energética-
_zChile.
_9147204
650 4 _aEnergía eléctrica-
_zChile.
_9135976
700 1 _aNewman, K.
_9130452
852 _aES-MaACL
_jT-851-F-5
_z- Enc. hol., conservando cub. original
_z- Enc. en un vol. facticio
856 _uhttp://bibliotecadigitalhispanica.bne.es:80/webclient/DeliveryManager?pid=2168396&custom_att_2=simple_viewer
_zBiblioteca Digital Hispánica
999 _c164412
_d164412